000 01434cam a2200133 4500500
005 20260329023228.0
041 _afre
042 _adc
100 1 0 _aBraudel, Fernand
_eauthor
245 0 0 _aCivilisation matérielle, économie et capitalisme : Tome 1 - Les structures du quotidien
260 _bArmand Colin,
_c2022.
520 _aLes trois volumes de Civilisation matérielle, économie et capitalisme nous plongent dans l'histoire du monde du XVe au XVIIIe siècle, un extraordinaire voyage à travers le temps et l'espace des civilisations humaines. C'est aussi une réflexion magistrale sur la nature et le rôle de ce capitalisme, acteur toujours plus essentiel des sociétés de l’époque médiévale et moderne. Ce premier volume, Les structures du quotidien, est l'évocation d'une culture matérielle, celle des objets, des outils, des costumes, des logements, des nourritures et des techniques…, des gestes au jour le jour du commun des hommes des villes et des campagnes, des riches et des pauvres. Cet «  inventaire du possible  » nous immerge dans le quotidien d’hommes et de femmes vivant dans un monde «  immobile  », durablement confrontés à l’étroitesse des espaces, aux faiblesses techniques et à la lenteur des transports et des communications.
856 4 1 _uhttps://shs.cairn.info/civilisation-materielle-economie-et-capitalisme--9782200633400?lang=fr&redirect-ssocas=7080
999 _c1925652
_d1925652